<?xml version="1.0" encoding="UTF-8"?><?xml-stylesheet type="text/xsl" href="static/style.xsl"?><OAI-PMH xmlns="http://www.openarchives.org/OAI/2.0/" xmlns:xsi="http://www.w3.org/2001/XMLSchema-instance" xsi:schemaLocation="http://www.openarchives.org/OAI/2.0/ http://www.openarchives.org/OAI/2.0/OAI-PMH.xsd"><responseDate>2026-04-17T05:44:32Z</responseDate><request verb="GetRecord" identifier="oai:www.recercat.cat:2099.1/11936" metadataPrefix="marc">https://recercat.cat/oai/request</request><GetRecord><record><header><identifier>oai:recercat.cat:2099.1/11936</identifier><datestamp>2025-07-22T17:04:13Z</datestamp><setSpec>com_2072_1033</setSpec><setSpec>col_2072_452951</setSpec></header><metadata><record xmlns="http://www.loc.gov/MARC21/slim" xmlns:dcterms="http://purl.org/dc/terms/" xmlns:xsi="http://www.w3.org/2001/XMLSchema-instance" xmlns:doc="http://www.lyncode.com/xoai" xsi:schemaLocation="http://www.loc.gov/MARC21/slim http://www.loc.gov/standards/marcxml/schema/MARC21slim.xsd">
   <leader>00925njm 22002777a 4500</leader>
   <datafield ind2=" " ind1=" " tag="042">
      <subfield code="a">dc</subfield>
   </datafield>
   <datafield ind2=" " ind1=" " tag="720">
      <subfield code="a">Moreno Quiroz., Juan Alberto</subfield>
      <subfield code="e">author</subfield>
   </datafield>
   <datafield ind2=" " ind1=" " tag="260">
      <subfield code="c">2011-01-12</subfield>
   </datafield>
   <datafield ind2=" " ind1=" " tag="520">
      <subfield code="a">El objetivo principal del presente proyecto es realizar las instalaciones urbanas que comprenden la instalación de la Red Eléctrica(Red Eléctrica de Media Tensión, Red Eléctrica de Baja Tensión,Centros de Transformación), Red de Iluminación Pública, Red de Agua Potable, Red de Alcantarillado, Red de Gas Natural y la Red de Transmisión de la Información.&#xd;
Para lograr este objetivo,en primer lugar se buscó un terreno apropiado de unas 20 hectáreas apto para ser urbanizado; se escogió un terreno baldío, en el término municipal de Cornellà de Llobregat, cerca al río Llobregat, un terreno que estaba incluído en el programa de las ARES(Áreas residenciales estratégicas) que promueve la Generalitat de Catalunya; que en un futuro será el sector Ribera Salines.Se utilizó los planos que nos facilitó la Oficina de Urbanismo del ayuntamiento de Cornellà de Llobregat, proyectando así un núcleo urbano, dividido por parcelas o manzanas, formadas éstas por bloques de viviendas,viviendas unifamiliares, un I.E.S,un C.A.P,locales comerciales,un polideportivo,etc; también presenta zonas verdes;todo ello a criterio del proyectista.&#xd;
Después de hacer la distribución se ha procedido a realizar el diseño y cálculo de las instalaciones arriba mencionadas, sirviéndonos de Reglamentos y Normativas tales como:La RBT,RCE,RLAT,Normas Particulares de Endesa,las NTE, el CTE; entre otras,Normas Municipales, también sirviéndome de algunos textos de Instalaciones Eléctricas,Instalaciones Urbanas,Manuales de Fontanería,Manual de Instalaciones receptoras de la compañia de Gas Natural, también de asignaturas de la carrera como Instalaciones Eléctricas y Aparamenta Eléctrica.&#xd;
El proyecto se ha realizado respetando las normas estipuladas en los reglamentos.&#xd;
También se ha realizado un estudio luminotécnico sirviéndonos del programa Dialux, un Estudio de Costos y un Estudio de Seguridad y Salud.</subfield>
   </datafield>
   <datafield tag="653" ind2=" " ind1=" ">
      <subfield code="a">Àrees temàtiques de la UPC::Enginyeria elèctrica::Distribució d'energia elèctrica::Instal·lacions elèctriques</subfield>
   </datafield>
   <datafield tag="653" ind2=" " ind1=" ">
      <subfield code="a">Electric wiring</subfield>
   </datafield>
   <datafield tag="653" ind2=" " ind1=" ">
      <subfield code="a">Red eléctrica</subfield>
   </datafield>
   <datafield tag="653" ind2=" " ind1=" ">
      <subfield code="a">Red de agua</subfield>
   </datafield>
   <datafield tag="653" ind2=" " ind1=" ">
      <subfield code="a">Red de alcantarillado</subfield>
   </datafield>
   <datafield tag="653" ind2=" " ind1=" ">
      <subfield code="a">Red de gas</subfield>
   </datafield>
   <datafield tag="653" ind2=" " ind1=" ">
      <subfield code="a">Iluminación pública</subfield>
   </datafield>
   <datafield tag="653" ind2=" " ind1=" ">
      <subfield code="a">Transmisión de información</subfield>
   </datafield>
   <datafield tag="653" ind2=" " ind1=" ">
      <subfield code="a">Reglamentos</subfield>
   </datafield>
   <datafield tag="653" ind2=" " ind1=" ">
      <subfield code="a">Núcleo urbano</subfield>
   </datafield>
   <datafield tag="653" ind2=" " ind1=" ">
      <subfield code="a">Parcela</subfield>
   </datafield>
   <datafield tag="653" ind2=" " ind1=" ">
      <subfield code="a">Instal·lacions elèctriques</subfield>
   </datafield>
   <datafield ind2="0" ind1="0" tag="245">
      <subfield code="a">Proyecto de las instalaciones urbanas necesarias para un plan parcial residencial de aproximadamente 20 hectáreas</subfield>
   </datafield>
</record></metadata></record></GetRecord></OAI-PMH>